000 00571nam a22002297a 4500
003 UA-OsUOA
001 98843
007 ta
008 20130418b un ||||| |||| 00| 0 ukr d
100 _aРоллан Р.
090 _a821.161.1
_bР67
942 _cBK
040 _aUA-OsUOA
_brus
_cUA-OsUOA
_dUA-OsUOA
245 _aТвори
_bтвори
300 _a397 с.
955 _a2
041 _arus
080 _a821.161.1
260 _aК.
_bМолодь
_c1975
650 7 _a82 Література. Літературознавство
_2UDC
999 _c385188
_d385188